00603pab a2200193 454500008004000000100002100040245005700061260000900118300001600127362001100143650001800154650003100172650002200203700001800225773003400243909001000277999001700287952010500304180718b2002 xxu||||| |||| 00| 0 eng d aGidadhubli, R.G. aFarm land law of Russia: changing course of history? c2002 ap.3587-590. a31 Aug aLand - Russia aAgricultural land - Russia aAgricultural land aMohanty, Arun aEconomic and Political Weekly a53590 c53590d53590 00104070aIIPAbIIPAd2018-07-19hVolume no: 37, Issue no: 35pAR54035r2018-07-19w2018-07-19yAR